Winnaars van de Ronde van Frankrijk - Statistieken

Algemene statistieken
  • Deze quiz is 389 keer genomen
    88 sinds de laatste reset
  • De gemiddelde score is 59 van 112
Antwoordstatistieken
Jaar Nationaliteit Winnaar % Correct
2020 | 2021 | 2024 | 2025 Slovenië Tadej Pogacar
98%
1969 | 1970 | 1971 | +2 others België Eddy Merckx
90%
2022 | 2023 Denemarken Jonas Vingegaard
87%
2013 | 2015 | 2016 | 2017 Verenigd Koninkrijk Chris Froome
86%
1999 | 2000 | 2001 | +4 others Verenigde Staten Lance Armstrong
84%
2007 | 2009 Spanje Alberto Contador
76%
1980 Nederland Joop Zoetemelk
75%
1978 | 1979 | 1981 | +2 others Frankrijk Bernard Hinault
73%
2019 Colombia Egan Bernal
73%
2010 Luxemburg Andy Schleck
67%
1991 | 1992 | 1993 | +2 others Spanje Miguel Indurain
67%
2018 Verenigd Koninkrijk Geraint Thomas
65%
2014 Italië Vincenzo Nibali
65%
1998 Italië Marco Pantani
63%
2012 Verenigd Koninkrijk Bradley Wiggins
62%
2011 Australië Cadel Evans
62%
1968 Nederland Jan Janssen
62%
1986 | 1989 | 1990 Verenigde Staten Greg LeMond
60%
1996 Denemarken Bjarne Riis
59%
1997 Duitsland Jan Ullrich
56%
1976 België Lucien Van Impe
56%
1957 | 1961 | 1962 | +2 others Frankrijk Jacques Anquetil
54%
1983 | 1984 Frankrijk Laurent Fignon
54%
1949 | 1952 Italië Fausto Coppi
51%
1987 Ierland Stephen Roche
51%
1988 Spanje Pedro Delgado
44%
1975 | 1977 Frankrijk Bernard Thévenet
41%
1959 Spanje Federico Bahamontes
41%
1938 | 1948 Italië Gino Bartali
41%
1935 België Romain Maes
41%
1936 | 1939 België Sylvère Maes
41%
2008 Spanje Carlos Sastre
38%
1958 Luxemburg Charly Gaul
38%
1965 Italië Felice Gimondi
38%
1953 | 1954 | 1955 Frankrijk Louison Bobet
38%
1973 Spanje Luis Ocaña
38%
1950 Zwitserland Ferdi Kübler
37%
2006 Spanje Óscar Pereiro Sio
37%
1913 | 1914 | 1920 België Philippe Thys
35%
1951 Zwitserland Hugo Koblet
33%
1966 Frankrijk Lucien Aimar
32%
1903 Frankrijk Maurice Garin
32%
1947 Frankrijk Jean Robic
30%
1907 | 1908 Frankrijk Lucien Petit-Breton
30%
1967 Frankrijk Roger Pingeon
30%
1919 | 1922 België Firmin Lambot
29%
1960 Italië Gastone Nencini
29%
1929 België Maurice De Waele
29%
1912 België Odiel Defraeye
29%
1956 Frankrijk Roger Walkowiak
29%
1904 Frankrijk Henri Cornet
27%
1921 België Léon Scieur
27%
1926 België Lucien Buysse
27%
1910 Frankrijk Octave Lapize
27%
1937 Frankrijk Roger Lapébie
27%
1909 Luxemburg François Faber
25%
1905 Frankrijk Louis Trousselier
25%
1927 | 1928 Luxemburg Nicolas Frantz
25%
1924 | 1925 Italië Ottavio Bottecchia
25%
1931 | 1934 Frankrijk Antonin Magne
24%
1911 Frankrijk Gustave Garrigou
24%
1933 Frankrijk Georges Speicher
21%
1923 Frankrijk Henri Pélissier
21%
1906 Frankrijk René Pottier
17%
1930 | 1932 Frankrijk André Leducq
16%
Geen overeenkomende quizzen gevonden
Scoreverdeling
Procent van Mensen met Elke Score
Percentiel versus Aantal Correcte Antwoorden
Uw Scoregeschiedenis
U heeft deze quiz nog niet genomen sinds de laatste reset